INFOS 2017 zborník príspevkov z 39. medzinárodného informatického sympózia : transformácia knižníc a výzvy 4. priemyselnej revolúcie : 25. - 28. apríl 2017, Kongresové centrum SAV Academia, Stará Lesná - Vysoké Tatry

Salvato in:
Dettagli Bibliografici
Enti autori: INFOS 2017 : transformácia knižníc a a výzvy 4. priemyselnej revolúcie. Medzinárodné informatické sympózium, Spolok slovenských knihovníkov a knižníc, Slovenská národná knižnica v Martine, Univerzitná knižnica v Bratislave
Altri autori: Stasselová, Silvia, Kmeťová, Jitka, Rankov, Pavol, Špániová, Marta
Natura: Libro
Lingua:slovacco
ceco
polacco
inglese
Pubblicazione: Bratislava Spolok slovenských knihovníkov a knižníc 2017
Edizione:1. vyd.
Soggetti:
Tags: Aggiungi Tag
Nessun Tag, puoi essere il primo ad aggiungerne!!

MARC

LEADER 00000nlm$a2200000$$$4500
001 0238405
005 20240704113327.0
020 |a 978-80-89586-09-7 
041 0 |a slo 
041 0 |a cze 
041 0 |a pol 
041 0 |a eng 
044 |a SK 
245 1 0 |a INFOS 2017  |b zborník príspevkov z 39. medzinárodného informatického sympózia : transformácia knižníc a výzvy 4. priemyselnej revolúcie : 25. - 28. apríl 2017, Kongresové centrum SAV Academia, Stará Lesná - Vysoké Tatry  |c zostavovatelia: Silvia Stasselová, Jitka Kmeťová ; recenzenti: Pavol Rankov, Marta Špániová 
250 |a 1. vyd. 
264 1 |a Bratislava  |b Spolok slovenských knihovníkov a knižníc  |c 2017 
300 |a online [322 s., 16,1 AH] 
610 2 0 |a knihoveda 
610 2 0 |a knihovníctvo 
610 2 0 |a knižnice 
610 2 0 |a informatika 
610 2 0 |a systémy informačné 
610 2 0 |a služby informačné 
610 2 0 |a softvér 
610 2 0 |a revolúcia priemyselná 
610 2 0 |a priemysel 4.0 
610 2 0 |a siete sociálne 
610 2 0 |a digitalizácia 
610 2 0 |a politika kultúrna 
610 2 0 |a kultúra 
610 2 0 |a vzdelávanie 
700 1 |a Stasselová, Silvia 
700 1 |a Kmeťová, Jitka 
700 1 |a Rankov, Pavol 
700 1 |a Špániová, Marta 
110 2 |a INFOS 2017 : transformácia knižníc a a výzvy 4. priemyselnej revolúcie. Medzinárodné informatické sympózium 
710 2 |a Spolok slovenských knihovníkov a knižníc 
710 2 |a Slovenská národná knižnica v Martine 
710 2 |a Univerzitná knižnica v Bratislave